Rhymes with 'Tough' Quiz Stats

 Plays Quiz Updated Jun 18, 2015

Also try: Rhymes with 'Late'
Challenge
Share
Tweet
Embed
Score 0/21 Timer 02:00
3 Plays Today
% Correct
rough
94%
cuff
92%
buff
91.2%
muff
90.8%
duff
87.2%
huff
86.5%
puff
85.9%
stuff
84%
fluff
79.6%
bluff
75.1%
ruff
67.1%
% Correct
guff
65.3%
gruff
61.7%
tuff
54.1%
slough
53.2%
luff
51.8%
snuff
45.9%
chuff
41.7%
scuff
39.4%
scruff
20.5%
chough
7.4%

You're not logged in!

Compare scores with friends on all Sporcle quizzes.
OR
Log In

You Might Also Like...

Show Comments

Extras

Top Quizzes Today


Score Distribution

Your Account Isn't Verified!

In order to create a playlist on Sporcle, you need to verify the email address you used during registration. Go to your Sporcle Settings to finish the process.

Report this User

Report this user for behavior that violates our Community Guidelines.

Details: